Bulletin of the Shrimp Culture Research Centre.

Bibliographic Details
New Title:Bulletin of the Brackishwater Aquaculture Development Centre.
Corporate Author: Pusat Penelitian Udang
Format: Journal
Language:English
Language Notes:Summaries in Indonesian.
Published: Jepara, Indonesia : Shrimp Culture Research Centre, 1975-1976.
Subjects:

MARC

Tag First Indicator Second Indicator Subfields
LEADER 00000cas a2200000 a 4500
001 in00000070146
005 20151008061618.0
008 780512d19751976io uu p f0uuua0engmd
010 |a  78643161  
012 |a 3 
035 |a (OCoLC)03889706 
035 |9 AAJ8436AM 
037 |b Shrimp Culture Research Centre, P.O. Box 1, Jepara, Indonesia 
040 |a OLA  |c OLA  |d DLC  |d TXA  |d UtOrBLW 
041 0 |a eng  |b ind 
042 |a lc 
043 |a a-io--- 
049 |a TXAE 
050 0 0 |a SH380.6  |b .P78 
082 0 |a 639/.54/3 
090 |a SH380.62.I56  |b B8 
245 0 0 |a Bulletin of the Shrimp Culture Research Centre. 
264 1 |a Jepara, Indonesia :  |b Shrimp Culture Research Centre,  |c 1975-1976. 
300 |a 2 volumes :  |b illustrations ;  |c 25 cm. 
336 |a text  |b txt  |2 rdacontent 
337 |a unmediated  |b n  |2 rdamedia 
338 |a volume  |b nc  |2 rdacarrier 
362 0 |a Vol.1 (Jan. 1975)-v.2, no.2 (Jan./July 1976) 
546 |a Summaries in Indonesian. 
650 0 |a Shrimp culture. 
650 0 |a Milkfish. 
650 0 |a Shrimp culture  |z Indonesia  |x Periodicals. 
650 0 |a Fish culture  |z Indonesia  |x Periodicals. 
710 2 |a Pusat Penelitian Udang. 
785 0 0 |t Bulletin of the Brackishwater Aquaculture Development Centre. 
999 |a MARS 
999 f f |s 6726293d-c12d-38fd-90cc-bbc8158f5474  |i 5c3ad850-cea0-3d4a-8724-11a5fad38899  |t 0 
952 f f |a Texas A&M University  |b Rellis Campus  |c Joint Library Facility  |d Remote Storage  |e SH380.62.I56 B8  |h Library of Congress classification  |i unmediated -- volume  |k v.2:no.1-2  |l 1976  |m A14807379978  |p ric  |s JLF  |t 0 
952 f f |a Texas A&M University  |b Rellis Campus  |c Joint Library Facility  |d Remote Storage  |e SH380.62.I56 B8  |h Library of Congress classification  |i unmediated -- volume  |k v.1:no.2  |l 1975  |m A14807379855  |p ric  |s JLF  |t 0 
998 f f |a SH380.62.I56 B8  |s v.1 (1975)-v.2 (1976)  |t 0  |l Remote Storage